000 00658nam a2200289Ia 4500
005 20260324133813.0
008 008 260324s9999 xx 000 0 eng d
020 _a9781315192109
037 _aEBOOK
040 _aCRL
040 _beng
040 _cCRL
041 _2eng
041 _aeng
084 _qCRL
100 _aD. G. Leahy
_91194460
245 0 _aFaith and Philosophy
245 4 _bThe Historical Impact
260 _bTaylor and Francis
260 _c2003
365 _a
365 _b180
856 _uhttp://www.taylorfrancis.com/books/9781315192109
942 _cEBOOK
999 _c1793884
_d1793884